О структуре кристаллической решетки твердых растворов некоторых щелочногалоидных солей; Известия вузов. Физика; № 1

書誌詳細
Parent link:Известия вузов. Физика.— , 1958-
№ 1.— 1958.— С. 101-105
第一著者: Иванкина М. С.
言語:ロシア語
出版事項: 1958
主題:
フォーマット: 図書の章
KOHA link:https://koha.lib.tpu.ru/cgi-bin/koha/opac-detail.pl?biblionumber=576987

MARC

LEADER 00000naa2a2200000 4500
001 576987
005 20231101130358.0
035 |a (RuTPU)RU\TPU\prd\276151 
035 |a RU\TPU\tpu\800 
090 |a 576987 
100 |a 20180313a1958 k y0rusy50 ca 
101 0 |a rus 
102 |a RU 
200 1 |a О структуре кристаллической решетки твердых растворов некоторых щелочногалоидных солей  |f М. С. Иванкина 
320 |a Библиогр.: 16 назв. 
461 |0 (RuTPU)RU\TPU\prd\191  |t Известия вузов. Физика  |d 1958- 
463 |0 (RuTPU)RU\TPU\prd\21763  |t № 1  |v С. 101-105  |d 1958 
610 1 |a труды учёных ТПУ 
700 1 |a Иванкина  |b М. С. 
801 0 |a RU  |b 63413507  |c 20011210  |g PSBO 
801 2 |a RU  |b 63413507  |c 20180313  |g PSBO 
942 |c BK